| 000 | 00000nam 2200000zi 4500 |
| 001 | 9.954222 |
| 003 | CaOODSP |
| 005 | 20250820081125 |
| 006 | m o d f |
| 007 | cr mn |||||||| |
| 008 | 250818e20180516oncd obs f000 0 fre d |
| 040 | |aCaOODSP|bfre|erda|cCaOODSP |
| 043 | |an-cn--- |
| 086 | 1 |aCS82-003/2018-5-2F-PDF |
| 100 | 1 |aGarner, Rochelle,|d1974- |eauteur. |
| 245 | 10|aTransitions vers les soins de longue durée et les soins en établissement chez les Canadiens âgés / |cpar Rochelle Garner, Peter Tanuseputro, Douglas G. Manuel et Claudia Sanmartin. |
| 264 | 1|a[Ottawa] : |bStatistique Canada = Statistics Canada, |cle 16 mai 2018. |
| 264 | 4|c©2018 |
| 300 | |a1 ressource en ligne (pages 15-26) : |bgraphiques. |
| 336 | |atexte|btxt|2rdacontent/fre |
| 337 | |ainformatique|bc|2rdamedia/fre |
| 338 | |aressource en ligne|bcr|2rdacarrier/fre |
| 490 | 1 |aRapports sur la santé, |x1209-1375 ; |vvol. 29, no. 5, [2] |
| 500 | |aTitre de la couverture. |
| 500 | |aPublié aussi en anglais sous le titre : Transitions to long-term and residential care among older Canadians. |
| 504 | |aComprend des références bibliographiques (pages 25-26). |
| 520 | 3 |a« En raison du vieillissement de la population canadienne, on observe une attention accrue portée aux besoins futurs en matière de lits en établissements de soins infirmiers. Bien que les projections actuelles reposent principalement sur l’âge et le sexe, d’autres facteurs contribuent également au besoin de soins de longue durée. La présente étude vise à relever d’autres facteurs que le sexe et l’âge qui contribuent à la transition des Canadiens de leur foyer à une résidence pour personnes âgées ou à un établissement de soins infirmiers » -- Résumé, page 15. |
| 650 | 6|aÉtablissements de soins, de cure, etc.|zCanada|vStatistiques. |
| 650 | 6|aÉtablissements de soins de longue durée|zCanada|vStatistiques. |
| 650 | 6|aPersonnes âgées|xLogement|zCanada|vStatistiques. |
| 655 | 7|aStatistiques|2rvmgf |
| 710 | 2 |aStatistique Canada, |eorganisme de publication. |
| 775 | 08|tTransitions to long-term and residential care among older Canadians / |w(CaOODSP)9.954221 |
| 830 | #0|aRapports sur la santé (Collection)|x1209-1375 ; |vvol. 29, no. 5, [2].|w(CaOODSP)9.950257 |
| 856 | 40|qPDF|s570 Ko|uhttps://publications.gc.ca/collections/collection_2025/statcan/82-003-x/CS82-003-2018-5-2-fra.pdf |
| 856 | 4 |qHTML|sS.O.|uhttps://www150.statcan.gc.ca/n1/pub/82-003-x/2018005/article/54966-fra.htm |